000 00709nam a2200217 a 4500
001 000008521
005 20200929161343.0
008 090917s1993 dr a 000 0 spa d
040 _aDO-SdBNP
_bspa
_cBNPHU
082 _a232.91
_bC377m, 1993
100 1 _aCavalotto, Sebastián P.
_922856
245 1 0 _aMaría en los evangelios /
_cSebastián P. Cavalotto.
250 _a2a ed.
260 _aSanto Domingo :
_bAmigo del Hogar,
_c1993.
300 _a96 p. :
_bil. ;
_c18 cm.
590 _aInventariado, 2018/BT
650 4 _aVirgen maría
_xEnseñanza bíblica
_922857
650 4 _aVirgen maría y la iglesia
_922858
650 4 _aVirgen maría
_xCulto
_91905
910 _aValidado. Control de calidad. MMOLINA
999 _c8291
_d8291